| 000 | 00638nam a22002057a 4500 | ||
|---|---|---|---|
| 005 | 20251108164231.0 | ||
| 008 | 250721s1977 xx 000 0 ara d | ||
| 082 | 1 | 4 | _a338.9/لاف |
| 100 | 1 | _aلافون، روبرت | |
| 245 | 1 | 0 | _aالتنمية الإقتصادية / |
| 264 | 1 |
_aجنيف : _bشركة ترادكسيم، _c1977. |
|
| 300 | _a144ص : مص | ||
| 490 | 0 | _aسلسلة قضايا الساعة ؛ 7 | |
| 650 | 1 | 7 | _aالإقتصاد |
| 650 | 1 | 7 | _aالتخطيط الإقتصادي |
| 650 | 1 | 7 | _aالسياسة الإقتصادية |
| 700 | 1 |
_aخيري، ناديه _eترجمة |
|
| 942 |
_2ddc _cBK |
||
| 999 |
_c7032 _d7032 |
||